National Airlines of Europe - Statistics

General Stats
  • This quiz has been taken 34 times
    18 since last reset
  • The average score is 19 of 39
Answer Stats
Hint Answer % Correct
France Air France
92%
Netherlands KLM
92%
Finland Finnair
85%
Spain Iberia
85%
Germany Lufthansa
85%
Serbia Air Serbia
77%
UK British Airways
77%
Ireland Aer Lingus
69%
Austria Austrian Airlines
69%
Turkey Turkish Airlines
69%
Russia Aeroflot
62%
Albania Air Albania
62%
Croatia Croatia Airlines
62%
Iceland Icelandair
62%
Italy ITA Airways
62%
Belgium Brussels Airlines
54%
Bulgaria Bulgaria Air
54%
Poland LOT Polish Airlines
54%
Luxembourg Luxair
54%
Portugal TAP Air Portugal
54%
Romania TAROM
46%
Greece Aegean Airlines
38%
Latvia airBaltic
38%
Azerbaijan Azerbaijan Airlines
38%
Cyprus Cyprus Airways
38%
Czech Republic Czech Airlines
38%
Denmark Scandinavian Airlines
38%
Sweden Scandinavian Airlines
38%
Moldova Air Moldova
31%
Belarus Belavia
31%
Georgia Georgian Airways
31%
Switzerland Swiss International Airlines
31%
Malta KM Malta Airlines
23%
Norway Norwegian Air Shuttle
23%
Ukraine Ukraine International Airlines
23%
Montenegro Air Montenegro
15%
Andorra Andorra Airlines
15%
Estonia Nordica
15%
Armenia Fly Arna
0%
No matching quizzes found
Score Distribution
Percent of People with Each Score
Percentile by Number Answered
Your Score History
You have not taken this quiz since the last reset